000 00758nam a22002057a 4500
999 _c16849
_d16849
008 180621b xxu||||| |||| 00| 0 eng d
020 _a0914168118
040 _aKABU
_cKABU
050 _aQM25
_b.N48 v. 1 Pt. II c. 1
100 _aNetter, Frank H.
245 _aThe CIBA collection of medical illustrations
_ba compilation of paintings depicting pathophysiology, pathology, and clinical features and management
_cprepared by Frank H. Netter
260 _aNew Jersey
_bThe CIBA collection of medical illustrations
_c1986
300 _axvi, 256 p.
650 _aHuman anatomy
_vAtlases
650 _aHuman physiology
_vAtlases
650 _aPathology
_vAtlases
700 _aBrass, Alister
700 _aDingle, Regina V.
942 _2lcc
_cBK
_hQM25